000 00674nam a2200241 a 4500
008
020 _a0194424448 (pbk.)
049 _aMAIN
090 _aSD247
100 1 0 _aEvans, J
245 1 0 _aPlantation forestry in the tropics /
_cJ. Evans.
250 _a2nd ed.
260 0 _aOxford :
_bOxford University Press,
_c1992.
300 _axv, 403 p. :
_bill. ;
_c24 cm.
504 _aIncludes bibliographical references : p. 351-382.
500 _aIncludes index.
650 _aForestry.
907 _a.b10126053
_b09-10-09
_c10-06-04
003
005 20230123133736.0
040 _cNUST
942 _cBOOKS
_kSD247
999 _c153846
_d153846